| 000 -LEADER |
| fixed length control field |
02694cas a2200613 i 4500 |
| 001 - CONTROL NUMBER |
| control field |
19646031 |
| 005 - DATE AND TIME OF LATEST TRANSACTION |
| control field |
20220825120044.0 |
| 008 - FIXED-LENGTH DATA ELEMENTS--GENERAL INFORMATION |
| fixed length control field |
140514d20152020nyuar 0 a0eng c |
| 010 ## - LIBRARY OF CONGRESS CONTROL NUMBER |
| LC control number |
2014238768 |
| 022 ## - INTERNATIONAL STANDARD SERIAL NUMBER |
| International Standard Serial Number |
2688-6367 |
| Incorrect ISSN |
1936-4040 |
| Source |
1 |
| 035 ## - SYSTEM CONTROL NUMBER |
| System control number |
(OCoLC)ocn879645589 |
| 037 ## - SOURCE OF ACQUISITION |
| Source of stock number/acquisition |
Penguin Random House, 1745 Broadway, New York, NY 10019 |
| 040 ## - CATALOGING SOURCE |
| Original cataloging agency |
IFJ |
| Language of cataloging |
eng |
| Description conventions |
rda |
| Transcribing agency |
IFJ |
| Modifying agency |
FM0 |
| -- |
OCLCO |
| -- |
CNWLU |
| -- |
OCLCF |
| -- |
IUL |
| -- |
YDXCP |
| -- |
OCL |
| -- |
OCLCO |
| -- |
DLC |
| -- |
IGA |
| -- |
JDP |
| -- |
OCLCO |
| -- |
ZQP |
| -- |
OCLCO |
| -- |
OUP |
| -- |
DLC |
| -- |
IUL |
| -- |
OCLCO |
| 042 ## - AUTHENTICATION CODE |
| Authentication code |
pcc |
| -- |
nsdp |
| 050 00 - LIBRARY OF CONGRESS CALL NUMBER |
| Classification number |
HF1118 |
| Item number |
.C733 |
| 082 04 - DEWEY DECIMAL CLASSIFICATION NUMBER |
| Classification number |
650.076 |
| Edition number |
22 |
| 222 #0 - KEY TITLE |
| Key title |
Cracking the GMAT premium |
| 245 00 - TITLE STATEMENT |
| Title |
Cracking the GMAT premium. |
| Statement of responsibility, etc. |
The staff of the Princeton Review |
| 246 1# - VARYING FORM OF TITLE |
| Title proper/short title |
Princeton Review cracking the GMAT premium |
| 246 1# - VARYING FORM OF TITLE |
| Title proper/short title |
Princeton Review GMAT premium edition |
| 246 1# - VARYING FORM OF TITLE |
| Title proper/short title |
GMAT premium |
| 260 ## - PUBLICATION, DISTRIBUTION, ETC. |
| Place of publication, distribution, etc. |
New York : |
| Name of publisher, distributor, etc. |
Random House |
| 300 ## - PHYSICAL DESCRIPTION |
| Extent |
757p |
| Other physical details |
illustrations ; |
| Dimensions |
28 cm |
| 310 ## - CURRENT PUBLICATION FREQUENCY |
| Current publication frequency |
Annual |
| 336 ## - CONTENT TYPE |
| Content type term |
text |
| Content type code |
txt |
| Source |
rdacontent |
| 337 ## - MEDIA TYPE |
| Media type term |
unmediated |
| Media type code |
n |
| Source |
rdamedia |
| 338 ## - CARRIER TYPE |
| Carrier type term |
volume |
| Carrier type code |
nc |
| Source |
rdacarrier |
| 362 1# - DATES OF PUBLICATION AND/OR SEQUENTIAL DESIGNATION |
| Dates of publication and/or sequential designation |
Began with 2015 editon, published in 2014; ceased with 2020 edition, published in 2019? |
| 500 ## - GENERAL NOTE |
| General note |
Issues for 2015- edited by Geoff Martz and Adam Robinson. |
| 588 0# - SOURCE OF DESCRIPTION NOTE |
| Source of description note |
2015 edition; title from title page. |
| 588 1# - SOURCE OF DESCRIPTION NOTE |
| Source of description note |
2020 edition. |
| 650 #0 - SUBJECT ADDED ENTRY--TOPICAL TERM |
| Topical term or geographic name entry element |
Graduate Management Admission Test |
| Form subdivision |
Study guides. |
| 9 (RLIN) |
95984 |
| 650 #0 - SUBJECT ADDED ENTRY--TOPICAL TERM |
| Topical term or geographic name entry element |
Business |
| Form subdivision |
Examinations, questions, etc. |
| 9 (RLIN) |
95985 |
| 650 #0 - SUBJECT ADDED ENTRY--TOPICAL TERM |
| Topical term or geographic name entry element |
Management |
| Geographic subdivision |
United States |
| Form subdivision |
Examinations, questions, etc. |
| 9 (RLIN) |
95986 |
| 650 #7 - SUBJECT ADDED ENTRY--TOPICAL TERM |
| Topical term or geographic name entry element |
Business. |
| Source of heading or term |
fast |
| Authority record control number or standard number |
(OCoLC)fst00842262 |
| 650 #7 - SUBJECT ADDED ENTRY--TOPICAL TERM |
| Topical term or geographic name entry element |
Graduate Management Admission Test. |
| Source of heading or term |
fast |
| Authority record control number or standard number |
(OCoLC)fst00945813 |
| 9 (RLIN) |
95270 |
| 650 #7 - SUBJECT ADDED ENTRY--TOPICAL TERM |
| Topical term or geographic name entry element |
Management. |
| Source of heading or term |
fast |
| Authority record control number or standard number |
(OCoLC)fst01007141 |
| 650 #7 - SUBJECT ADDED ENTRY--TOPICAL TERM |
| Topical term or geographic name entry element |
STUDY AIDS / GMAT (Graduate Management Admission Test) |
| Source of heading or term |
bisacsh |
| 9 (RLIN) |
95987 |
| 650 #7 - SUBJECT ADDED ENTRY--TOPICAL TERM |
| Topical term or geographic name entry element |
STUDY AIDS / Graduate School Guides. |
| Source of heading or term |
bisacsh |
| 9 (RLIN) |
95988 |
| 650 #7 - SUBJECT ADDED ENTRY--TOPICAL TERM |
| Topical term or geographic name entry element |
STUDY AIDS / Tests (Other) |
| Source of heading or term |
bisacsh |
| 9 (RLIN) |
95989 |
| 651 #7 - SUBJECT ADDED ENTRY--GEOGRAPHIC NAME |
| Geographic name |
United States. |
| Source of heading or term |
fast |
| Authority record control number or standard number |
(OCoLC)fst01204155 |
| 655 #7 - INDEX TERM--GENRE/FORM |
| Genre/form data or focus term |
Examinations. |
| Source of term |
fast |
| Authority record control number |
(OCoLC)fst01423780 |
| 9 (RLIN) |
24863 |
| 655 #7 - INDEX TERM--GENRE/FORM |
| Genre/form data or focus term |
Study guides. |
| Source of term |
fast |
| Authority record control number |
(OCoLC)fst01423888 |
| 9 (RLIN) |
24862 |
| 655 #7 - INDEX TERM--GENRE/FORM |
| Genre/form data or focus term |
Study guides. |
| Source of term |
lcgft |
| 9 (RLIN) |
24862 |
| 700 1# - ADDED ENTRY--PERSONAL NAME |
| Personal name |
Martz, Geoff, |
| Relator term |
editor. |
| 9 (RLIN) |
95990 |
| 700 1# - ADDED ENTRY--PERSONAL NAME |
| Personal name |
Robinson, Adam, |
| Dates associated with a name |
1955- |
| Relator term |
editor. |
| 9 (RLIN) |
95991 |
| 710 2# - ADDED ENTRY--CORPORATE NAME |
| Corporate name or jurisdiction name as entry element |
Princeton Review (Firm), |
| Relator term |
issuing body. |
| 780 00 - PRECEDING ENTRY |
| Title |
Cracking the GMAT, with DVD (2014) |
| Record control number |
(DLC) 2013238732 |
| -- |
(OCoLC)855386043 |
| 785 00 - SUCCEEDING ENTRY |
| Title |
GMAT premium prep |
| International Standard Serial Number |
2687-9646 |
| Record control number |
(DLC) 2019200522 |
| -- |
(OCoLC)1107667169 |
| 906 ## - LOCAL DATA ELEMENT F, LDF (RLIN) |
| a |
7 |
| b |
cbc |
| c |
sercoop |
| d |
2 |
| e |
ncip |
| f |
20 |
| g |
n-oclcserc |
| 942 ## - ADDED ENTRY ELEMENTS (KOHA) |
| Source of classification or shelving scheme |
|
| Koha item type |
Lincoln Corner |